Päťdesiat rokov Slovenskej banky 1879-1930
Gespeichert in:
| 1. Verfasser: | |
|---|---|
| Format: | Buch |
| Sprache: | Slowakisch |
| Veröffentlicht: |
Bratislava
[Universum]
[1930]
|
| Schlagworte: | |
| Tags: |
Keine Tags, Fügen Sie das erste Tag hinzu!
|
MARC
| LEADER | 00000nam a2200000 4500 | ||
|---|---|---|---|
| 001 | 0283268 | ||
| 005 | 20240109102107.7 | ||
| 041 | 0 | |a slo | |
| 044 | |a SK | ||
| 245 | 1 | 0 | |a Päťdesiat rokov Slovenskej banky |b 1879-1930 |c Metod M. Bella |
| 264 | 1 | |a Bratislava |b [Universum] |c [1930] | |
| 300 | |a 103 s. | ||
| 610 | 2 | 0 | |a banky |
| 610 | 2 | 0 | |a bankovníctvo |
| 610 | 2 | 0 | |a dejiny hospodárske |
| 610 | 2 | 0 | |a história |
| 100 | 1 | |a Bella, Metod M. | |